<?xml version="1.0" encoding="UTF-8"?>
<record
    xmlns:xsi="http://www.w3.org/2001/XMLSchema-instance"
    xsi:schemaLocation="http://www.loc.gov/MARC21/slim http://www.loc.gov/standards/marcxml/schema/MARC21slim.xsd"
    xmlns="http://www.loc.gov/MARC21/slim">

  <leader>01386nam0a2200313   4500</leader>
  <controlfield tag="001">RU\NLR\BIBL_A\011509863</controlfield>
  <controlfield tag="005">20250626082322.0</controlfield>
  <datafield tag="035" ind1=" " ind2=" ">
    <subfield code="a">(NLR Aleph) 011509863</subfield>
  </datafield>
  <datafield tag="090" ind1=" " ind2=" ">
    <subfield code="a">12040076</subfield>
    <subfield code="c">12040076</subfield>
  </datafield>
  <datafield tag="100" ind1=" " ind2=" ">
    <subfield code="a">20171030d1932    |||y0rusy50      ca</subfield>
  </datafield>
  <datafield tag="101" ind1="0" ind2=" ">
    <subfield code="a">che</subfield>
  </datafield>
  <datafield tag="102" ind1=" " ind2=" ">
    <subfield code="a">RU</subfield>
  </datafield>
  <datafield tag="105" ind1=" " ind2=" ">
    <subfield code="a">y   z   000fy</subfield>
  </datafield>
  <datafield tag="200" ind1="1" ind2=" ">
    <subfield code="a">&#x41D;&#x435;&#x43A;&#x44A;&#x430;&#x43D; &#x43A;&#x435;&#x445;&#x430;&#x442;</subfield>
    <subfield code="e">(&#x445;&#x430;&#x431;&#x430;&#x440;&#x448;)</subfield>
    <subfield code="f">&#x421;. &#x411;&#x430;&#x434;&#x443;&#x435;&#x432;</subfield>
  </datafield>
  <datafield tag="210" ind1=" " ind2=" ">
    <subfield code="a">&#x421;&#x43E;&#x44C;&#x43B;&#x436;&#x430;-&#x413;I&#x430;&#x43B;&#x430;</subfield>
    <subfield code="c">&#x41D;&#x43E;&#x445;&#x447;&#x43E;&#x431;&#x43B;&#x437;&#x43E;&#x440;&#x431;</subfield>
    <subfield code="d">1932</subfield>
  </datafield>
  <datafield tag="215" ind1=" " ind2=" ">
    <subfield code="a">35 &#x441;.</subfield>
    <subfield code="d">19</subfield>
  </datafield>
  <datafield tag="300" ind1=" " ind2=" ">
    <subfield code="a">&#x41B;&#x430;&#x442;&#x438;&#x43D;. &#x433;&#x440;&#x430;&#x444;&#x438;&#x43A;&#x430;</subfield>
  </datafield>
  <datafield tag="327" ind1=" " ind2=" ">
    <subfield code="a">&#x421;&#x43E;&#x434;&#x435;&#x440;&#x436;.: &#x41D;&#x435;&#x43A;&#x44A;&#x430;&#x43D; &#x43A;&#x435;&#x445;&#x430;&#x442; ; &#x422;&#x440;&#x430;&#x43A;&#x442;&#x43E;&#x440;&#x445;&#x43E; - &#x416;&#x443;&#x44C;&#x43D;&#x438;&#x434; ; &#x422;&#x445;&#x430;&#x43D; &#x445;&#x44C;&#x435;&#x445;&#x430;&#x440;&#x445;&#x43E; - &#x41C;. &#x413;&#x43E;&#x440;&#x44C;&#x43A;&#x438;&#x439; ; &#x422;&#x43E;&#x44C;&#x430;&#x440;&#x434;&#x443; : (&#x43F;&#x43E;&#x44D;&#x43C;&#x430;)</subfield>
  </datafield>
  <datafield tag="464" ind1=" " ind2="0">
    <subfield code="1">2001#$a&#x41D;&#x435;&#x43A;&#x44A;&#x430;&#x43D; &#x43A;&#x435;&#x445;&#x430;&#x442;</subfield>
    <subfield code="1">700#1</subfield>
    <subfield code="t">&#x41D;&#x435;&#x43A;&#x44A;&#x430;&#x43D; &#x43A;&#x435;&#x445;&#x430;&#x442;</subfield>
    <subfield code="a"></subfield>
  </datafield>
  <datafield tag="464" ind1=" " ind2="0">
    <subfield code="1">2001#$a&#x422;&#x440;&#x430;&#x43A;&#x442;&#x43E;&#x440;&#x445;&#x43E; - &#x416;&#x443;&#x44C;&#x43D;&#x438;&#x434;</subfield>
    <subfield code="1">700#1</subfield>
    <subfield code="t">&#x422;&#x440;&#x430;&#x43A;&#x442;&#x43E;&#x440;&#x445;&#x43E; - &#x416;&#x443;&#x44C;&#x43D;&#x438;&#x434;</subfield>
    <subfield code="a"></subfield>
  </datafield>
  <datafield tag="464" ind1=" " ind2="0">
    <subfield code="1">2001#$a&#x422;&#x445;&#x430;&#x43D; &#x445;&#x44C;&#x435;&#x445;&#x430;&#x440;&#x445;&#x43E; - &#x41C;. &#x413;&#x43E;&#x440;&#x44C;&#x43A;&#x438;&#x439;</subfield>
    <subfield code="1">700#1</subfield>
    <subfield code="t">&#x422;&#x445;&#x430;&#x43D; &#x445;&#x44C;&#x435;&#x445;&#x430;&#x440;&#x445;&#x43E; - &#x41C;. &#x413;&#x43E;&#x440;&#x44C;&#x43A;&#x438;&#x439;</subfield>
    <subfield code="a"></subfield>
  </datafield>
  <datafield tag="464" ind1=" " ind2="0">
    <subfield code="1">2001#$a&#x422;&#x43E;&#x44C;&#x430;&#x440;&#x434;&#x443;$e(&#x43F;&#x43E;&#x44D;&#x43C;&#x430;)</subfield>
    <subfield code="1">700#1</subfield>
    <subfield code="t">&#x422;&#x43E;&#x44C;&#x430;&#x440;&#x434;&#x443;</subfield>
    <subfield code="a"></subfield>
  </datafield>
  <datafield tag="541" ind1="1" ind2=" ">
    <subfield code="a">&#x423;&#x434;&#x43E;&#x441;&#x442;&#x43E;&#x432;&#x435;&#x440;&#x435;&#x43D;&#x438;&#x435;</subfield>
    <subfield code="e">(&#x445;&#x443;&#x434;&#x43E;&#x436;. &#x440;&#x430;&#x441;&#x441;&#x43A;&#x430;&#x437;&#x44B;)</subfield>
    <subfield code="z">rus</subfield>
  </datafield>
  <datafield tag="686" ind1="1" ind2=" ">
    <subfield code="a">&#x428;6(2=&#x427;&#x435;)7 &#x44F;44</subfield>
  </datafield>
  <datafield tag="700" ind1=" " ind2="1">
    <subfield code="a">&#x411;&#x430;&#x434;&#x443;&#x435;&#x432;</subfield>
    <subfield code="b">&#x421;.&#x421;.</subfield>
    <subfield code="f">1904-1943</subfield>
    <subfield code="g">&#x421;&#x430;&#x438;&#x434; &#x421;&#x443;&#x43B;&#x435;&#x439;&#x43C;&#x430;&#x43D;&#x43E;&#x432;&#x438;&#x447;</subfield>
    <subfield code="4">070</subfield>
  </datafield>
  <datafield tag="852" ind1=" " ind2=" ">
    <subfield code="a">NLR</subfield>
    <subfield code="b">&#x41E;&#x41D;&#x41B;</subfield>
    <subfield code="j">&#x427;&#x435;&#x447;./2-309</subfield>
  </datafield>
  <datafield tag="942" ind1=" " ind2=" ">
    <subfield code="c">BOOK</subfield>
  </datafield>
  <datafield tag="980" ind1=" " ind2=" ">
    <subfield code="a">NB</subfield>
  </datafield>
  <datafield tag="995" ind1=" " ind2=" ">
    <subfield code="5">2017-10-30</subfield>
    <subfield code="b">NLR01</subfield>
    <subfield code="c">NLR01</subfield>
    <subfield code="e">ONL</subfield>
    <subfield code="f">1-1450400</subfield>
    <subfield code="k">&#x41E;&#x41D;&#x41B; &#x427;&#x435;&#x447;./2-309</subfield>
    <subfield code="o">0</subfield>
    <subfield code="r">BOOK</subfield>
    <subfield code="s">_2309</subfield>
  </datafield>
</record>
